000 00784nam a22002537a 4500
003 DO-SdBPM
005 20250210091005.0
008 220328b2012 dr ||| 00| 0 spa d
020 _a9789945489095
040 _aDO-SdBPM
_bspa
_cBPMSU
082 4 _aRD861.44
_bG861n 2012
_222
100 1 _aGrimaldi, Silié Eleanor
_d1948-
245 1 0 _aNaturaleza multicolor /
_cEleanor Grimaldi Silié
246 1 4 _aHaikus
260 _aSanto Domingo :
_bSantuario,
_c2012
300 _a75 p ;
_c24 cm
500 _aIncluye datos biográficos de la autora en la solapa de la cubierta
590 _aInventariado, 2025/VM
650 4 _aPoesía dominicana
650 4 _aHaikus dominicano
650 4 _aLiteratura dominicana
910 _aVMateo V. Control de calidad. BPMSU
942 _2ddc
_cBK
999 _c14119
_d14119